Orientacions per al tracte educatiu als centres / [Yago de Balanzó ... [et al.]]
Publicado:
Barcelona :
Generalitat de Catalunya. Departament de Justícia. Direcció General de Protecció i Tutela de Menors. Servei de Centres ,
1984
Descripción Física:
63 p. ; 21 cm
Colección:
Quaderns d'Estudis i Formació
Otros Autores:
Balanzó, Yago de
MARC
| LEADER | 00000nam a2200000Ia 4500 | ||
|---|---|---|---|
| 001 | 1434 | ||
| 008 | 160829s1984 xx 000 0 cat d | ||
| 080 | |a S-1-76 | ||
| 245 | |a Orientacions per al tracte educatiu als centres / [Yago de Balanzó ... [et al.]] | ||
| 260 | |a Barcelona : |b Generalitat de Catalunya. Departament de Justícia. Direcció General de Protecció i Tutela de Menors. Servei de Centres, |c 1984 | ||
| 300 | |a 63 p. ; |c 21 cm | ||
| 490 | |a Quaderns d'Estudis i Formació | ||
| 590 | |a Text bilingüe, català-castellà. | ||
| 650 | |a Infants |x Assistència institucional |x Catalunya |9 23189 | ||
| 700 | |a Balanzó, Yago de |9 26888 | ||
| 710 | 1 | |a Catalunya. |b Direcció General de Protecció i Tutela de Menors |9 54117 | |
| 901 | |a Arxiu | ||
| 942 | |n 1 | ||
| 952 | |0 0 |1 0 |4 0 |6 S176 |7 1 |9 44193 |a Arxiu |b Arxiu |d 2016-12-01 |l 0 |o S-1-76 |p 1434 |r 2016-12-01 00:00:00 |w 2016-12-01 |y ARXIU | ||
| 999 | |c 46773 |d 46773 | ||